Engel János [munkatársak gyászjelentése]
Elmentve itt :
| Dokumentumtípus: | Cikk |
|---|---|
| Megjelent: |
1943-03-23
|
| Sorozat: | Délmagyarország
19 No. 66 |
| Kulcsszavak: | Engel János, Gyászjelentés Szeged 1943 |
| Online Access: | http://dmarchiv.bibl.u-szeged.hu/41752 |
| LEADER | 00444nab a2200145 i 4500 | ||
|---|---|---|---|
| 001 | delm41752 | ||
| 005 | 20180927130009.0 | ||
| 008 | 180927s1943 hu o 0|| hun d | ||
| 040 | |a SZTE Délmagyarország Archívum |b hun | ||
| 041 | |a hun | ||
| 245 | 0 | 0 | |a Engel János |h [elektronikus dokumentum] : |b [munkatársak gyászjelentése] |
| 260 | |c 1943-03-23 | ||
| 300 | |a 6 | ||
| 490 | 0 | |a Délmagyarország |v 19 No. 66 | |
| 695 | |a Engel János, Gyászjelentés Szeged 1943 | ||